000 00728cam a22002533a 4500
001 24018
003 PGUSA
005 20140828083519.0
008 071224s2007||||xxu|||||s|||||000 p eng d
040 _aPGUSA
_beng
042 _adc
050 4 _aPS
100 1 _aBoynton, Henry Walcott,
_d1869-1947
245 1 4 _aThe Golfer's Rubaiyat
_h[electronic resource] /
_cHenry Walcott Boynton
260 _bProject Gutenberg,
_c2007
506 _aPublic domain in the USA.
516 _aElectronic text
653 _aGolf -- Poetry
653 _aHumorous poetry
653 _aOmar Khayyam -- Parodies, imitations, etc.
830 0 _aProject Gutenberg
_v24018
856 4 0 _uhttp://www.gutenberg.org/ebooks/24018
942 _cEB
999 _c253273
_d253273